000 02025cam a2200457 a 4500
001 3196
003 FISKH
005 20240219141936.0
008 050322s2006 nyua j b 001 0deng
010 _a 2005008128
020 _a0439639018 (hardcover) :
020 _a9780439639019
020 _a9780545019903
035 _a(OCoLC)ocm58729842
037 _bJunior Library Guild
_nhttp://www.juniorlibraryguild.com
040 _aDLC
_cDLC
_dIG#
_dBAKER
_dOCO
_dTEF
_dAJP
_dDLC
_beng
043 _an-us---
050 0 0 _aHD8039.C662
_bU645 2006
082 0 0 _a331.7/63351/0973
_222
100 1 _aHopkinson, Deborah.
245 1 0 _aUp before daybreak :
_bcotton and people in America /
_cDeborah Hopkinson.
250 _aFirst Scholastic paperback printing, October 2007
260 _aNew York :
_bScholastic Nonfiction,
_c2006
300 _a120 pages :
_billustrations ;
_c22 cm
504 _aIncludes bibliographical references (p. 105-114) and index.
505 0 _aA shoeful of cotton seeds -- Up before daybreak -- Mountains of cotton -- At the clang of a bell -- From can to can't -- They called us lintheads -- Cotton pickers -- Mill workers.
520 _aRead about the importance of cotton in America's history and learn about the lives of people who picked it and worked with it.
650 0 _aCotton picking
_xSocial aspects
_zUnited States
_xHistory
_vJuvenile literature.
650 0 _aCotton growing
_xSocial aspects
_zUnited States
_xHistory
_vJuvenile literature.
650 0 _aCotton trade
_xSocial aspects
_zUnited States
_xHistory
_vJuvenile literature.
650 0 _aEnslaved persons
_zUnited States
_vBiography
_vJuvenile literature.
650 0 _aCotton farmers
_zUnited States
_vBiography
_vJuvenile literature.
650 0 _aSlavery
_zUnited States
_vJuvenile literature.
650 1 _aCotton picking.
650 1 _aCotton growing.
650 1 _aCotton trade.
650 1 _aSlaves
_vBiography.
650 1 _aSlavery.
906 _a7
_bcbc
_corignew
_d1
_eecip
_f20
_gy-gencatlg
942 _2ddc
_cBK
_n0
999 _c3196
_d3196